000 00608nam a22002537a 4500
003 UA-OsUOA
001 31104
007 ta
008 20041202b un ||||| |||| 00| 0 ukr d
100 _aДобролюбский А.
090 _a903(477)
_bД56
942 _cBK
040 _aUA-OsUOA
_brus
_cUA-OsUOA
_dUA-OsUOA
245 _aТайны Причерноморских курганов
300 _a224 с.
955 _a0
041 _arus
080 _a903(477)
020 _a5-7760-0135-8
260 _aОдесса
_bМаяк
_c1988
044 _aUA
650 7 _2UDC
999 _c317525
_d317525